[Event "Athens of East GM-Open 2019"]
[Site "Madurai"]
[Date "2019.08.14"]
[Round "5.2"]
[White "Gupta, Abhijeet"]
[Black "Kiran, Manisha Mohanty"]
[Result "1-0"]
[WhiteElo "2603"]
[BlackElo "2054"]
[Annotator "TA"]
[PlyCount "83"]
[EventDate "2019.08.11"]
[EventType "swiss"]
[EventCountry "IND"]
[SourceTitle "playchess.com"]
[Source "ChessBase"]
[SourceQuality "1"]

{[%evp 9,83,13,22,20,20,28,35,6,17,26,58,45,85,75,95,82,87,61,87,67,65,66,58,49,100,89,140,136,208,208,188,191,185,183,187,201,205,192,307,293,320,321,246,292,402,220,231,214,240,247,249,173,179,191,233,181,204,177,248,259,245,216,292,272,374,374,422,438,423,418,529,541,685,679,660,660]} 1. d4 Nf6 2. c4 g6 3. Nf3 Bg7 4. e3 O-O 5. Be2 d5 (5... d6 6. O-O Nbd7 7. Nc3 e5 8. Qc2 c6 9. b3 Re8 10. Ba3 exd4 11. Nxd4 Nc5 12. Rad1 Qe7 13. b4 Nce4 14. Bb2 Nxc3 15. Qxc3 d5 16. Nb3 Nh5 17. Nd4 Nf6 18. a3 {½-½ (32) Mamedyarov,S (2817)-Nepomniachtchi,I (2763) Wijk aan Zee 2019}) 6. cxd5 {E60: King's Indian: Unusual lines and Fianchetto Variation without Nc3} Nxd5 7. e4 Nb6 8. O-O {White is slightly better.} Bg4 9. Nbd2 a5 10. h3 Bxf3 $146 ({Predecessor:} 10... Bc8 11. Nc4 Nxc4 12. Bxc4 a4 13. a3 {1-0 (38) Pap,G (2517)-Gledura,B (2422) Hungary 2013}) 11. Nxf3 a4 12. Be3 N8d7 13. Rc1 c6 14. a3 e6 15. Qd2 f5 16. Qc2 h6 (16... Nf6 $14) 17. Rfe1 g5 ({Better is} 17... Nf6) 18. Rcd1 $16 Kh8 (18... Qf6 $16 19. Ne5 f4 20. Nxd7 Nxd7) 19. Ne5 $18 Qe8 20. exf5 exf5 {[#]} 21. Bd3 $1 Nd5 {[#]} 22. Nc4 $1 ({Stronger than} 22. Bxf5 Nxe5 23. dxe5 Qxe5 $11) 22... Qg6 23. g4 b5 (23... Qf6 {was necessary.}) 24. Bxf5 Rxf5 25. gxf5 Qh5 {[#]} 26. Ne5 $1 {[%cal Re5d7]} N7f6 (26... Nxe5 27. dxe5) 27. Bc1 (27. Qxc6 $142 Rb8 28. Rd3) 27... Qxh3 {intending ...Ng4.} 28. Qd3 Qh5 29. Kg2 {Rh1 is the strong threat.} Kg8 30. Qh3 ({Much less strong is} 30. Nxc6 $6 Rc8) 30... Qxh3+ 31. Kxh3 Rc8 32. Nd3 Nh7 33. Re6 Rf8 (33... Nf8 $142) 34. Rxc6 Rxf5 35. Kg2 h5 36. Rc8+ Nf8 37. Nb4 Nf4+ 38. Bxf4 Rxf4 39. d5 Kf7 40. d6 {White is clearly winning.} Rd4 41. Rc7+ Ke6 42. Re1+ {Accuracy: White = 75%, Black = 44%.} ({Not} 42. Rxg7 Rxd1 43. Rxg5 {[%mdl 64] Double Attack} h4 $16) 1-0

[Event "Athens of East GM-Open 2019"]
[Site "Madurai"]
[Date "2019.08.14"]
[Round "5.3"]
[White "Nitin, S.."]
[Black "Smirnov, Pavel"]
[Result "1/2-1/2"]
[WhiteElo "2385"]
[BlackElo "2574"]
[Annotator "TA"]
[PlyCount "60"]
[EventDate "2019.08.11"]
[EventType "swiss"]
[EventCountry "IND"]
[SourceTitle "playchess.com"]
[Source "ChessBase"]
[SourceQuality "1"]

{[%evp 38,60,39,13,36,17,20,0,0,0,8,8,11,12,15,14,8,8,9,9,26,21,21,13,22]} 1. e4 c5 2. Nf3 e6 3. d4 cxd4 4. Nxd4 Nf6 5. Nc3 Nc6 6. Ndb5 d6 7. Bf4 e5 8. Bg5 a6 9. Na3 b5 10. Bxf6 gxf6 11. Nd5 Bg7 12. c3 f5 13. exf5 Bxf5 14. Nc2 Be6 15. Nce3 Ne7 16. g3 Nxd5 17. Nxd5 O-O 18. Bg2 a5 19. O-O Rb8 20. Qd2 f5 {B33: Sicilian: Pelikan and Sveshnikov Variations} 21. Rfd1 (21. a4 Kh8 {½-½ (20) Nikolov,M (2573)-Spasov,V (2544) Albena 2016}) 21... Kh8 22. a4 e4 23. Qe2 Qd7 $146 ({Predecessor:} 23... b4 24. c4 Bxd5 25. Rxd5 Qf6 26. Rxa5 Qxb2 27. Qxb2 Bxb2 {0-1 (53) Hitzgerova,G (2225)-Volodin,V (2281) Roznov 2002}) 24. axb5 Rxb5 25. Nc7 $36 {[%mdl 2048] White has some pressure.} Rxb2 26. Qxb2 Qxc7 27. Qa3 Qxc3 28. Qxa5 d5 29. Qxc3 Bxc3 30. Ra6 Bg8 1/2-1/2

[Event "Athens of East GM-Open 2019"]
[Site "Madurai"]
[Date "2019.08.14"]
[Round "5.4"]
[White "Tukhaev, Adam"]
[Black "Raja Rithvik R"]
[Result "1/2-1/2"]
[WhiteElo "2541"]
[BlackElo "2357"]
[Annotator "TA"]
[PlyCount "66"]
[EventDate "2019.08.11"]
[EventType "swiss"]
[EventCountry "IND"]
[SourceTitle "playchess.com"]
[Source "ChessBase"]
[SourceQuality "1"]

{[%evp 30,66,53,19,0,6,25,-17,-14,-17,0,-95,-95,-112,-97,-108,-104,-107,-104,-89,-30,-21,-34,-31,-18,-72,-68,-78,-69,-90,-89,-85,-58,-64,0,0,0,0,0]} 1. e4 e5 2. Nf3 Nc6 3. Bb5 a6 4. Ba4 Nf6 5. O-O Nxe4 6. d4 b5 7. Bb3 d5 8. dxe5 Be6 9. Qe2 Be7 10. Rd1 O-O 11. c4 bxc4 12. Bxc4 Bc5 13. Be3 Bxe3 14. Qxe3 Qb8 15. Bb3 Na5 16. Ne1 {aiming for f3.} Nxb3 {C81: Open Ruy Lopez: Keres Variation (9 Qe2)} 17. axb3 {[#] Strongly threatening f3.} f5 18. exf6 (18. Nd3 d4 19. Qe2 Bxb3 20. Rc1 Qb6 21. Nd2 Bd5 22. f3 Ng5 23. Rc5 c6 24. Nc4 Bxc4 25. Rxc4 {½-½ (42) Brenjo,S (2485)-Iordachescu,V (2584) Zlatibor 2007}) 18... Rxf6 19. f3 Nd6 $1 20. Nc2 (20. Nd3 $11) 20... Nf5 $17 21. Qf2 $146 ({Predecessor:} 21. Qc5 Qxb3 22. Nd2 Qb6 23. b4 Bf7 24. Nf1 {0-1 (35) Alderden,D-Plomp,M Netherlands 1987}) 21... Qxb3 22. Nc3 Qxb2 23. Na4 Qe5 24. Nc5 d4 (24... Rg6 $17 25. g4 Bf7) 25. Nxe6 $11 Rxe6 26. Nxd4 Nxd4 27. Rxd4 (27. Qxd4 $11 {remains equal.} a5 28. Ra3) 27... c5 $17 28. Rda4 {[#]} c4 $1 {[%mdl 512]} 29. Ra5 (29. Rxc4 Qxa1+) 29... Qc7 30. Qd4 Rc6 31. Rd5 Qb6 (31... Re8 $15 32. Rb1 (32. Rd7 Qe5 $17) 32... h6) 32. Qxb6 $11 Rxb6 33. Rc5 Rab8 {Accuracy: White = 78%, Black = 53%.} 1/2-1/2

[Event "Athens of East GM-Open 2019"]
[Site "Madurai"]
[Date "2019.08.14"]
[Round "5.5"]
[White "Mosadeghpour, Masoud"]
[Black "Konguvel, Ponnuswamy"]
[Result "0-1"]
[WhiteElo "2494"]
[BlackElo "2343"]
[Annotator "TA"]
[PlyCount "92"]
[EventDate "2019.08.11"]
[EventType "swiss"]
[EventCountry "IND"]
[SourceTitle "playchess.com"]
[Source "ChessBase"]
[SourceQuality "1"]

{[%evp 27,92,29,23,0,29,17,33,0,16,27,16,36,16,-20,0,0,6,20,52,63,154,149,151,-33,-52,-46,-66,-58,8,8,8,8,8,19,31,11,61,65,94,87,83,87,94,93,77,77,100,94,87,64,52,0,0,0,0,-103,-103,-129,-129,-157,-157,-235,-149,-1353,-1353,-1353,-1206]} 1. e4 c5 2. Nf3 Nc6 3. d4 cxd4 4. Nxd4 e6 5. Nc3 Qc7 6. Be3 a6 7. Be2 Nf6 8. O-O Be7 9. f4 d6 10. Qe1 O-O 11. Qg3 Nxd4 12. Bxd4 b5 13. a3 Bb7 14. Kh1 Bc6 15. Bd3 {B85: Sicilian Scheveningen: 6 Be2 a6, lines with early Be3} Rad8 16. Rae1 Qd7 17. Rf3 {White is slightly better.} (17. b4 Nh5 18. Qg4 Nf6 19. Qg3 Nh5 20. Qg4 Nf6 21. Qg3 Qb7 22. Qh3 h6 23. Rf3 Qc8 {1-0 (56) Azarov,S (2575)-So,W (2765) chess.com INT 2019}) 17... e5 18. fxe5 Nh5 19. Qf2 dxe5 20. Bb6 $146 (20. Bxe5 $5 {[%cal Rc3d5]} f6 21. Bg3 $11) ({Predecessor:} 20. Bxe5 Qg4 21. Rf1 Qe6 22. Bd4 Nf6 {½-½ (42) Abu Sufian,S (2312)-Harsha,B (2451) Mumbai 2018}) 20... Rb8 21. Nd5 Bd6 22. c4 Nf4 23. c5 {[%cal Rd5f4]} Nxd5 (23... Be7 $1 $14) 24. exd5 $16 Bxd5 {[#]} 25. Rf5 $2 {[#]} (25. Bf5 $1 $16 {[%cal Rf5d7]} Qc6 26. Rd3) 25... Rxb6 $1 $15 {[%mdl 512]} 26. cxb6 g6 27. Rg5 h6 (27... Qe7 $15 28. Qd2 Bb7) 28. Rg3 $11 {White wants to play Bf5.} e4 29. Bxe4 {And now Rxg6+! would win.} Bxg3 30. hxg3 {aiming for Qd4.} Bxe4 $1 31. Rxe4 {[%mdl 4096] Endgame KQR-KQR} Rb8 32. Qf6 $1 Qd1+ 33. Kh2 Qh5+ 34. Rh4 Qg5 35. Qc6 {Threatens to win with Qc7.} Qd8 36. b7 Qe7 37. Qc8+ Qd8 38. Qc3 Kh7 39. Qf3 $40 {[%mdl 128] White is up to no good.} ({White should play} 39. Qe3 $14 h5 40. Qa7) 39... Qc7 40. Qf6 {Re4 is the strong threat.} Rxb7 41. Re4 (41. Qxa6 $11 {remains equal.} Kg7 42. Rf4) 41... Rb6 $17 42. Qf2 Rd6 43. Re8 {intending Qf4.} Rd5 44. b4 (44. Rc8 $17 Qe7 45. Rc1) 44... Rf5 45. Qb2 $2 {[%mdl 8192]} (45. Qe1 $17) 45... Rh5+ $19 46. Kg1 Qa7+ {Accuracy: White = 41%, Black = 58%.} 0-1

[Event "Athens of East GM-Open 2019"]
[Site "Madurai"]
[Date "2019.08.14"]
[Round "5.6"]
[White "Rajesh, V A V"]
[Black "Vasquez Schroeder, Rodrigo"]
[Result "1/2-1/2"]
[WhiteElo "2368"]
[BlackElo "2496"]
[Annotator "TA"]
[PlyCount "83"]
[EventDate "2019.08.11"]
[EventType "swiss"]
[EventCountry "IND"]
[SourceTitle "playchess.com"]
[Source "ChessBase"]
[SourceQuality "1"]

{[%evp 13,83,-6,0,-16,-9,-10,-6,-12,22,0,0,-14,-8,-13,5,0,0,-33,-9,-15,-12,-27,0,0,0,4,5,-57,77,67,39,34,41,54,42,0,45,0,16,26,33,0,0,-35,-13,-12,25,20,31,22,29,36,47,21,38,13,17,0,29,0,31,16,3071,25,35,22,45,-29,-6,-390,-380,-340]} 1. d4 Nf6 2. c4 e6 3. Nc3 Bb4 4. e3 O-O 5. Bd3 d5 6. cxd5 exd5 7. Nge2 Re8 8. Bd2 {E48: Nimzo-Indian: Rubinstein: 5 Bd3 d5 including 6 Ne2, but excluding 6 a3} (8. O-O Bd6 9. Bd2 Nbd7 10. Rc1 a6 11. Ng3 Nf8 12. Nce2 Ne4 13. Be1 c6 14. a4 Nxg3 15. Nxg3 a5 16. Qb3 g6 {½-½ (50) Yu,Y (2765)-Leko,P (2690) Porto Carras 2018}) 8... Bd6 9. Rc1 a6 10. O-O {The position is equal.} b6 11. f3 c5 12. Qe1 Nc6 13. Qh4 Be7 (13... h6 {feels hotter.} 14. b3 Bd7 15. Rfe1 Be7 16. Qg3 Qb8) 14. Qf2 Bb7 $146 ({Predecessor:} 14... b5 15. Ng3 b4 {1-0 (25) Aleksandrov,A (2650)-Lekic,D (2430) Jahorina 2003}) 15. Kh1 Rc8 16. Rfd1 g6 17. Bb1 Bf8 18. dxc5 bxc5 19. e4 d4 20. Bg5 ({White should try} 20. Na4 $11) 20... Ng4 {[#]} (20... Ne5 $1 $15 {stays ahead.} 21. Qh4 Bg7) 21. Qh4 $1 $16 f6 22. Bd2 {Hoping for Nd5.} Nge5 23. Nd5 Nd7 $1 24. a3 a5 25. Bh6 (25. Nef4 $5 {[%cal Rb1a2]} Nce5 26. Qh3 $14) 25... Nce5 26. Bxf8 Rxf8 27. Ba2 {Nxf6+ is the strong threat.} Kh8 28. f4 Bxd5 29. Bxd5 g5 30. Qh3 gxf4 31. Nxf4 {Threatens to win with Ne6.} Qe7 32. Be6 Rfd8 $1 33. Bf5 Rb8 34. Nd5 Qg7 35. Nf4 {Strongly threatening Ne6.} Qe7 36. Nd5 Qg7 37. b4 Qe7 $2 {[%mdl 8192]} (37... axb4 $11 38. axb4 c4) 38. Nf4 $2 (38. Nxe7 $18 {[%csl Gf5][%cal Rh3h7]} Nf8 39. bxc5) 38... axb4 $11 39. axb4 cxb4 {[%cal Bc5b4,Bb4b3,Bb3b2][%mdl 32]} 40. Rc7 (40. Rxd4 $14 b3 41. Bxd7) 40... b3 {White must now prevent ...b2.} 41. Bxd7 $2 {[%mdl 8192] [#]} (41. Rb1 $11 {and White has nothing to worry.} d3 42. Qh6 (42. Nxd3 Nxd3 43. Qxd3 {[%mdl 64] Double Attack} Ne5 $11)) 41... b2 $1 $19 {[%cal Rb2b1]} 42. Rb1 {[%mdl 32768] Accuracy: White = 22%, Black = 31%. . An unexpected result.} 1/2-1/2

[Event "Athens of East GM-Open 2019"]
[Site "Madurai"]
[Date "2019.08.14"]
[Round "5.7"]
[White "Nayak Rajesh"]
[Black "Shyaamnikhil P"]
[Result "1/2-1/2"]
[WhiteElo "2250"]
[BlackElo "2456"]
[Annotator "TA"]
[PlyCount "33"]
[EventDate "2019.08.11"]
[EventType "swiss"]
[EventCountry "IND"]
[SourceTitle "playchess.com"]
[Source "ChessBase"]
[SourceQuality "1"]

{[%evp 12,33,0,-4,17,7,20,14,35,35,33,35,56,25,26,12,21,0,35,0,19,0,45,0]} 1. e4 c5 2. Nf3 a6 3. d4 cxd4 4. Nxd4 Nf6 5. Nc3 e5 6. Nb3 Bb4 7. Qd3 d5 {B28: Sicilian: 2 Nf3 a6 (O'Kelly Variation)} (7... O-O 8. Bd2 Bxc3 9. Bxc3 d5 10. exd5 Bg4 11. f3 e4 12. Bxf6 Qxf6 13. Qd4 exf3 14. Qxg4 Re8+ 15. Kd1 {1-0 (56) Quirhuayo Chumbe,G (2300)-Cori Tello,D (2413) Montcada 2017}) 8. exd5 Qxd5 9. Bd2 Qxd3 {The position is equal.} (9... Qe6 {seems wilder.} 10. a3 Nc6 11. O-O-O Be7 12. Be3 e4) 10. Bxd3 Nc6 11. a3 Be7 12. O-O $146 ({Predecessor:} 12. Na4 e4 13. Be2 Bf5 14. Nb6 Rd8 15. Bf4 {½-½ (37) Le,C (2039)-Nguyen,M (2126) Can Tho 2012}) 12... Be6 {[#] aiming for ...0-0-0.} 13. Be3 Nd7 14. Be4 Nf6 15. Bd3 Nd7 16. Be4 Nf6 17. Bd3 1/2-1/2

[Event "Athens of East GM-Open 2019"]
[Site "Madurai"]
[Date "2019.08.14"]
[Round "5.8"]
[White "Savchenko, Boris"]
[Black "Ram, S. Krishnan"]
[Result "1-0"]
[WhiteElo "2576"]
[BlackElo "2192"]
[Annotator "TA"]
[PlyCount "109"]
[EventDate "2019.08.11"]
[EventType "swiss"]
[EventCountry "IND"]
[SourceTitle "playchess.com"]
[Source "ChessBase"]
[SourceQuality "1"]

{[%evp 11,109,0,0,1,13,17,18,11,77,81,71,35,37,33,31,0,0,-9,-11,-8,-10,-8,-12,-15,-20,-16,-14,-22,-23,-91,-85,-100,-114,-114,-118,-138,-124,-154,-162,-163,-149,-149,-93,-108,-100,-130,-29,-27,39,44,64,85,140,162,158,96,91,64,63,27,58,0,44,0,117,117,122,123,140,121,123,39,92,74,79,96,118,64,96,69,76,44,61,58,52,44,38,54,84,84,257,251,239,235,264,291,273,270,244,228]} 1. e4 e6 2. d4 d5 3. Nc3 Nf6 4. Bg5 Bb4 5. e5 h6 6. Bc1 Ne4 7. Qg4 {C12: French: Classical System: McCutcheon Variation} g6 ({Much weaker is} 7... Nxc3 $6 8. Qxg7 Kd7 9. Bd2 $16) (7... Kf8 8. Nge2 c5 9. a3 h5 10. Qf4 Ba5 11. dxc5 Nxc3 12. Nxc3 Bxc3+ 13. bxc3 Qa5 14. Bd2 Nc6 {0-1 (53) Naiditsch,A (2702)-Buhmann,R (2564) Germany 2018}) 8. Nge2 c5 9. a3 {[%cal Ba2a3,Ba3b4][%mdl 32] The position is equal.} cxd4 (9... Bxc3+ $11 10. Nxc3 Nxc3 11. bxc3 Nc6) 10. axb4 $16 dxc3 11. Nxc3 (11. f3 {is interesting.} Nd2 12. Nxc3 Nxf1 13. Nb5 Nc6 14. Nd6+) 11... Nxc3 12. bxc3 Qc7 13. Qd4 Nc6 $146 {[%cal Rc6d4]} ({Predecessor:} 13... Bd7 14. b5 Kf8 {1-0 (31) Yeo,M (2103)-Regis,D (2015) Torquay 2008}) 14. Bb5 Bd7 15. Bxc6 Bxc6 16. O-O Bb5 $36 {[%mdl 2048] Black has good play.} 17. Re1 b6 18. Be3 Kd7 19. h4 Qc4 20. Qd1 (20. Reb1 $11 {remains equal.}) 20... Qxh4 $17 21. Qf3 {[#]} Qe7 $1 22. Red1 Kc7 23. Bd4 h5 24. g3 g5 25. Kg2 g4 26. Qe3 h4 ({Better is} 26... Kb7 27. Rh1 Rag8) 27. gxh4 Kb7 ({Stronger than} 27... Qxh4 28. Rh1 $14) 28. Rh1 Rh5 {[#]} (28... Rxh4 $17 {Threatens to win with ...Rah8.} 29. Rxh4 Qxh4) 29. Bxb6 $1 $11 {[%mdl 512]} d4 ({Avoid the trap} 29... axb6 $2 30. Rxa8 Kxa8 31. Qxb6 $18) (29... a6 $11) 30. Bxd4 $14 Bc6+ 31. Kg3 Bxh1 (31... Qd7 $142) 32. Rxh1 $16 Rah8 33. Qe4+ (33. Bxa7 $142 f5 34. Qb6+ Ka8 35. Qc6+ Qb7 36. Qxb7+ Kxb7 37. Be3) 33... Kb8 34. Bc5 Qb7 $1 {[%cal Rb7e4]} 35. Bd6+ Ka8 36. Qxb7+ Kxb7 37. Kxg4 $14 {[%mdl 4096] Endgame KRR-KRB} Rf5 (37... Kc6 $11) 38. f4 $16 Rg8+ 39. Kf3 Rc8 40. Bc5 {And now h5 would win.} Rh5 41. Bd4 (41. c4 $16) 41... a6 (41... a5 $14) 42. Ke4 Rg8 43. Bf2 Rc8 44. Rh3 ({White should try} 44. Bc5 $16) 44... Rc4+ 45. Bd4 Rc8 46. Kf3 Rch8 47. Bf2 Rc8 48. Kg4 Rh7 49. Rd3 Rg8+ 50. Kf3 Kc7 $2 (50... Rc8 $16) 51. Rd6 $18 Ra8 52. c4 {[%cal Bc3c4,Bc4c5][%mdl 32]} Rhh8 53. Bb6+ Kb7 54. c5 Rxh4 {[#]} 55. c4 $1 {Accuracy: White = 54%, Black = 46%.} 1-0

[Event "Athens of East GM-Open 2019"]
[Site "Madurai"]
[Date "2019.08.14"]
[Round "5.9"]
[White "Triapishko, Alexandr"]
[Black "Baivab Mishra"]
[Result "1-0"]
[WhiteElo "2515"]
[BlackElo "2215"]
[Annotator "TA"]
[PlyCount "133"]
[EventDate "2019.08.11"]
[EventType "swiss"]
[EventCountry "IND"]
[SourceTitle "playchess.com"]
[Source "ChessBase"]
[SourceQuality "1"]

{[%evp 9,133,20,14,22,32,28,30,19,27,22,27,27,39,32,54,64,60,47,60,50,85,88,108,108,117,120,130,106,108,108,110,106,157,129,137,118,162,151,183,169,190,196,274,248,327,251,279,182,170,175,152,120,136,140,175,178,181,150,213,106,223,223,223,223,207,120,116,39,39,39,40,39,39,39,64,31,32,29,31,21,39,8,39,39,40,21,22,22,65,29,95,68,68,22,113,77,82,68,113,56,113,113,113,113,113,113,269,258,256,239,264,152,161,125,125,125,125,125,125,125,125,125,126,126,29986,29987]} 1. Nf3 c5 2. e3 Nf6 3. d4 cxd4 4. exd4 d5 5. Ne5 g6 (5... Nc6 6. Bb5 Bd7 7. Nxd7 Qxd7 8. c3 e6 9. O-O Bd6 10. Nd2 O-O 11. Re1 a6 12. Bd3 e5 13. dxe5 Nxe5 {1-0 (52) Kramnik,V (2787)-Caruana,F (2811) Wijk aan Zee 2018}) 6. Bb5+ {B13: Caro-Kann: Exchange Variation and Panov-Botvinnik Attack} Bd7 7. Nxd7 Nbxd7 8. O-O {White has an edge.} Bg7 9. c3 O-O 10. Re1 e6 11. Nd2 Qb8 $146 ({Predecessor:} 11... Qc7) 12. Nf3 a6 13. Bd3 Rc8 14. Qe2 b5 15. a4 bxa4 16. Bxa6 Rd8 17. Rxa4 Nb6 18. Rb4 Qc7 19. Bg5 Rdb8 20. g3 Qa7 (20... Nh5 $142 21. Bd3 Bf6) 21. Bf4 Rd8 22. Bd3 Nh5 23. Bg5 Rdc8 24. Ne5 Bf8 25. Rb5 Ng7 (25... Rab8 $142 26. g4 Ng7) 26. Qf3 $18 {aiming for Rxb6!} Rab8 27. Kg2 Nf5 28. g4 Nd6 29. Rc5 Qb7 30. Rxc8 Qxc8 31. Ra1 Ra8 32. Rxa8 Qxa8 33. h4 Qa1 (33... Na4 $16) 34. Bb5 (34. h5 $18) 34... Qxb2 {[#]} (34... Bg7 $16) 35. Be8 $1 {[%cal Re8f7][%mdl 512]} f5 (35... Nxe8 36. Qxf7+) 36. gxf5 exf5 37. Bd7 (37. Bc6 $1 $18) 37... Ne4 $16 {[#]} 38. Bxf5 $1 {[%mdl 512]} gxf5 $14 39. Qxf5 {White wants to mate with Qf7+.} Qxf2+ $1 40. Qxf2 Nxf2 41. Kxf2 $16 {[%mdl 4096] Endgame KBN-KBN} Bd6 42. Ng4 Kf7 43. Ke2 Ke6 44. Ne3 Bc7 45. Kd3 Bg3 46. Bd8 Nd7 47. c4 dxc4+ 48. Kxc4 Nf8 49. h5 Kd7 (49... Bf4 $1 $11 {keeps the balance.} 50. Nd5 Bh6) 50. Nf5 Bf4 51. Bh4 (51. Be7 $5 {[%cal Re7f8]} Ke6 52. Bxf8 Kxf5 53. Kd3 $16) 51... Ne6 (51... Ke6 $11 52. Ne7 Nd7) 52. d5 Nc7 53. Kd4 Bc1 54. Ke4 (54. Bg3 $16) 54... Nb5 (54... Ne8 $1 $14) 55. Bf6 Nc7 56. Be5 Nb5 57. Kd3 Bg5 $2 (57... Nc7 $16 {is a better defense.}) 58. Ng3 $1 $18 Na7 59. Ne4 Be7 60. Bf6 (60. Kd4 $18) 60... Nc8 61. Bxe7 Kxe7 {KN-KN} 62. Kd4 {Kc5 is the strong threat.} Nb6 63. Kc5 $1 {[%cal Rc5b6]} Nd7+ 64. Kc6 $1 {[%cal Rc6c7]} Ne5+ {[#]} 65. Kc7 $1 {Black must now prevent d6+.} Nc4 {[#]} 66. h6 $1 ({But not} 66. d6+ $6 Nxd6 67. Nxd6 Kf6 $11) 66... Ke8 $2 {[%mdl 8192]} (66... Ne5 $16) 67. Nd6+ {Accuracy: White = 67%, Black = 31%.} 1-0

[Event "Athens of East GM-Open 2019"]
[Site "Madurai"]
[Date "2019.08.14"]
[Round "5.10"]
[White "Khusenkhojaev, Muhammad"]
[Black "Rao, Siddarth Satya"]
[Result "1-0"]
[WhiteElo "2441"]
[BlackElo "2230"]
[Annotator "TA"]
[PlyCount "99"]
[EventDate "2019.08.11"]
[EventType "swiss"]
[EventCountry "IND"]
[SourceTitle "playchess.com"]
[Source "ChessBase"]
[SourceQuality "1"]

{[%evp 9,99,15,16,23,20,10,19,10,17,5,54,52,51,40,41,43,87,81,83,85,97,109,114,97,122,112,112,112,112,116,114,113,114,113,113,120,111,105,137,134,134,127,129,128,129,128,193,204,233,233,233,233,279,269,363,339,499,465,486,419,461,475,762,756,858,851,816,820,817,817,1214,1125,1507,1594,1565,1572,810,493,4627,4618,2178,2016,29985,29986,29986,29987,29987,29986,29988,29989,29990,29991]} 1. d4 Nf6 2. c4 e6 3. g3 b6 4. Bg2 d5 5. Nc3 Bb7 6. cxd5 {E01: Catalan: Early deviations} exd5 7. Bg5 Be7 8. Bxf6 {The position is equal.} Bxf6 9. Qa4+ (9. e3 O-O 10. Nge2 g6 11. O-O a5 12. Rc1 c6 {½-½ (81) Najer,E (2706)-Moiseenko,V (2548) Sochi 2017}) 9... Kf8 10. Nf3 $146 ({Predecessor:} 10. Rd1 c6 11. Nh3 h5 12. O-O Na6 13. b4 Nc7 {0-1 (32) Al Halila,A (2179)-Haddad,O (2013) Monastir 2015}) 10... Qd7 11. Qb3 Na6 12. O-O g6 13. Rad1 Kg7 14. Ne5 Bxe5 15. dxe5 {[%cal Rc3d5]} Nc5 16. Qc2 {[%cal Rc3d5]} Qe6 17. Nxd5 {[#] Threatens to win with b4.} Rad8 {[%cal Rb7d5]} 18. Nxc7 Qxe5 19. Nb5 Bxg2 20. Kxg2 a6 21. Qc3 Qxc3 22. Nxc3 b5 23. a3 Na4 24. Rxd8 Rxd8 $16 {[%mdl 4096] Endgame KRN-KRN} 25. Rd1 Rb8 26. Nxa4 bxa4 {KR-KR} 27. Rd2 a5 (27... h5 $16 28. e3 Rb6) 28. e4 $18 Rb5 {[#]} 29. Rd5 $1 {[%cal Rd5b5]} Rxb2 30. Rxa5 Ra2 31. Rxa4 h5 32. h4 Kg8 (32... Kf6 $142 33. Kf3 Ke5) 33. Kf3 Kg7 34. Ke3 Ra1 35. Ra7 Re1+ (35... Kf6 $142 36. Kf4 Ke6) 36. Kf4 Re2 37. f3 Ra2 38. a4 {[%cal Ba3a4,Ba4a5,Ba5a6,Ba6a7][%mdl 32]} Ra3 39. a5 Kg8 40. g4 hxg4 41. Kxg4 Ra1 42. a6 Rg1+ 43. Kf4 Rh1 (43... Ra1 $142 44. Ke5 Kg7) 44. Rc7 Kg7 45. a7 Rxh4+ 46. Kg3 {White mates.} Rh8 47. e5 g5 48. e6 Kf6 49. exf7 Ra8 50. Rb7 {Accuracy: White = 83%, Black = 30%.} 1-0